Historia y antropología

Tallennettuna:
Bibliografiset tiedot
Päätekijä: Lewis, I. M (Tekijä)
Aineistotyyppi: Kirja
Kieli:espanja
Julkaistu: Barcelona Seix Barral 1972
Sarja:Biblioteca Breve
Aiheet:
Tagit: Lisää tagi
Ei tageja, Lisää ensimmäinen tagi!

MARC

LEADER 00000nam a2200000 a 4500
001 UCP7504
003 CL-VaPUC
008 991217e19720000SP |||||||||||||||||spa|d
082 0 4 |a 306  |b LEW  |2 21 
100 0 |a Lewis, I. M  |e author  |9 436902 
245 1 0 |a Historia y antropología 
300 |a 434 p 
942 |c BK 
945 |d 19991217 00:00:00  |a rherrera 
260 |a Barcelona  |b Seix Barral  |c 1972 
650 0 |a Antropología social  |9 306264 
650 0 |a Historia  |9 255047 
650 0 |a Sociedad  |9 307903 
650 0 |a Cambio social   |9 256857 
650 0 |a Política social  |9 257588 
651 7 |a EUROPA SIGLOS 19-20  |2 CL-VaPUC  |9 436904 
583 |a last modification  |c 19991217 00:00:00  |k Rodrigo Vera 
490 0 |a Biblioteca Breve 
999 |c 284629  |d 284627 
952 |0 0  |1 0  |4 0  |6 306_000000000000000_LEW_1972  |7 0  |8 A  |9 328776  |a BIBHIS  |b BIBHIS  |d 2019-11-20  |i 1378287  |o 306 LEW 1972  |p 1378287  |r 2025-01-20  |w 2019-11-20  |y BK  |k HIS 
952 |0 0  |1 0  |4 0  |6 306_000000000000000_LEW_1972  |7 0  |8 A  |9 328777  |a BIBHIS  |b BIBHIS  |d 2019-11-20  |i 4124588  |o 306 LEW 1972  |p 4124588  |r 2025-01-20  |w 2019-11-20  |y BK  |k HIS